000 01150nam a22002657a 4500
005 20170124103038.0
010 _aA-918938
020 _c125.00
_a8186265252
035 _aA-918938
037 _bCen Lib/Ret
040 _aDPL
_bHN
082 _a
_bगुजरा
100 _aगुजराल, तरमेस
_966189
245 _aपंजाबी की सर्वशेष्ठ कहानियां /
_cसंपादक तरमेस गुजराल
246 _aPunjabi ki saryasreshth kahaniyan /
_bsampadak tarmes Gujral
260 _aदिल्ली
_bमनु प्रकाशन
_c1198
270 _b दिल्ली
_a1/6678, गली न. 3, पूर्वी रोहतास
_e110032
300 _a151p.
_c19cm(सजिल्द)
650 _aपंजाबी साहित्य
_966190
650 _aपंजाबी साहित्य
_xकहानियां
_963853
650 _aPunjabi literature
_9781
650 _aPunjabi literature
_xstories
_966191
700 _aगुजराल, तरमेस
_966192
942 _2ddc
_cHN
_h
_mगुजरा
999 _c116371
_d116371